书目信息 |
| 题名: |
微生物学与免疫学实验
|
|
| 作者: | 李英信 主编 | |
| 分册: | ||
| 出版信息: | 北京 人民卫生出版社 2011 |
|
| 页数: | 152页 | |
| 开本: | 26cm | |
| 丛书名: | ||
| 单 册: | ||
| 中图分类: | R37-33 , R392-33 | |
| 科图分类: | ||
| 主题词: | 病原微生物--教材--微生物学--医学院校--实验 , 免疫学--教材--医学院校--实验 | |
| 电子资源: | ||
| ISBN: | 978-7-117-13957-1 | |
| 000 | 00980nam0 2200253 450 | |
| 001 | 578 | |
| 005 | 20160905101240.01 | |
| 010 | @a978-7-117-13957-1@dCNY24.00 | |
| 100 | @a20110402d2011 em y0chiy50 ea | |
| 101 | 0 | @achi |
| 102 | @aCN@b110000 | |
| 105 | @aa z 000yy | |
| 200 | 1 | @a微生物学与免疫学实验@9wei sheng wu xue yu mian yi xue shi yan@f李英信主编 |
| 210 | @a北京@c人民卫生出版社@d2011 | |
| 215 | @a152页@c图@d26cm | |
| 300 | @a高等医学院校实验教材 供医学、麻醉、口腔、预防、护理、中医及药学专业选用 | |
| 330 | @a本书主要介绍了微生物学和免疫学的基本实验技术。对于每一种实验技术,都详细的阐述了原理、应用、材料准备、操作方法、注意事项等,并设有思考题以加深学生对基本实验技术的理解和掌握。 | |
| 606 | 0 | @a病原微生物@j教材@x微生物学@x医学院校@x实验 |
| 606 | 0 | @a免疫学@j教材@x医学院校@x实验 |
| 690 | @aR37-33@v4 | |
| 690 | @aR392-33@v4 | |
| 701 | 0 | @a李英信@9li ying xin@c(医学)@4主编 |
| 801 | 0 | @aCN@b唐山师范学院图书馆@c20160722 |
| 905 | @aZUCC@dR37-33@e253 | |
| 微生物学与免疫学实验/李英信主编.-北京:人民卫生出版社,2011 |
| 152页:图;26cm |
| 高等医学院校实验教材 供医学、麻醉、口腔、预防、护理、中医及药学专业选用 |
| ISBN 978-7-117-13957-1:CNY24.00 |
| 本书主要介绍了微生物学和免疫学的基本实验技术。对于每一种实验技术,都详细的阐述了原理、应用、材料准备、操作方法、注意事项等,并设有思考题以加深学生对基本实验技术的理解和掌握。 |
| ● |
| 相关链接 |
|
|
|
|
正题名:微生物学与免疫学实验
索取号:R37-33/253
 
预约/预借
| 序号 | 登录号 | 条形码 | 馆藏地/架位号 | 状态 | 备注 |
| 1 | 902457 | 209024571 | 第二样本阅览室/ [索取号:R37-33/253] | 在馆 | |
| 2 | 902458 | 209024580 | 密集书库-生命科学系/ [索取号:R37-33/253] | 在馆 | |
| 3 | 902459 | 209024599 | 第三借阅区/ [索取号:R37-33/253] | 在馆 | |
| 4 | 902460 | 209024606 | 第三借阅区/ [索取号:R37-33/253] | 在馆 |